00592nam a2200193 a 4500001001300000003000900013005001700022008004100039020002300080082001500103100002100118245007900139260006500218300001000283500003500293505002200328650002700350700002100377nice12345678IN_TiNIC20260116015416.0140728s2014 pila grp 000 0 eng  a9789554901001c20000a275.3bSOM aSomaratna, G P V aSplendour of Nandana Uyanab A History of the Theological College of Lanka aPilimatawawn, Srilanka bTheological College of Lanka c2014 a345p  aincludes index and biblioraphy2 aAppendices, Index aChristianity -Srilanka1 aSomaratna, G P V